[Event "GER CM05-D email"]
[Site "GER email"]
[Date "2018.06.19"]
[Round "?"]
[White "Woznica, Miroslaw"]
[Black "Norchenko, Konstantin Grigorie"]
[Result "1/2-1/2"]
[WhiteElo "2360"]
[BlackElo "2357"]
[PlyCount "80"]
[EventDate "2018.??.??"]
[EventType "tourn (corr)"]
[EventRounds "10"]
[EventCountry "GER"]
[SourceTitle "Corr 2020"]
[Source "ChessBase"]
[SourceDate "2019.09.30"]
[SourceVersion "1"]
[SourceVersionDate "2019.09.30"]
[SourceQuality "1"]

1. Nf3 d5 2. d4 Nf6 3. c4 c6 4. Nc3 g6 5. cxd5 cxd5 6. Bf4 Bg7 7. e3 0-0 8. h3 Nc6 9. Bd3 Nd7 10. Be2 e5 11. dxe5 Ndxe5 12. Qxd5 Nxf3+ 13. Bxf3 Qb6 14. Qb3 Nb4 15. 0-0 Be6 16. Qa4 Nd3 17. Nd5 Bxd5 18. Bxd5 Rad8 19. Bf3 Nxf4 20. Qxf4 Qxb2 21. Qa4 Rd2 22. Rab1 Qxa2 23. Qxa2 Rxa2 24. Rxb7 a5 25. Rd7 Rc2 26. Bd5 Be5 27. Rb1 Rc7 28. Rxc7 Bxc7 29. Rb7 Rc8 30. g4 Kf8 31. Kg2 Ke7 32. Ba2 f5 33. gxf5 gxf5 34. Bb1 Kf6 35. Ra7 f4 36. exf4 Bxf4 37. Rxa5 Kg7 38. Ra4 Rf8 39. Ra7+ Rf7 40. Rxf7+ Kxf7 1/2-1/2